000 00649nam a2200241Ia 4500
008 160803s9999 xx 000 0 und d
020 _a9780531214442
100 _aMiller, Amanda
245 _aLet's be friends /
245 _cAmanda Miller.
260 _aNew York :
260 _bScholastic Inc.
260 _c2010
300 _a24 pages :
300 _bcolor illustrations ;
300 _c21 cm.
500 _aIncludes bibliographical references (page 24) and index.
650 _aFriendship --
650 _aFriendship in children --
650 _xJuvenile literature.
650 _xJuvenile literature.
700 _a320
999 _c299884
_d299884